| 000 | 01264cam a2200289 4500 | ||
|---|---|---|---|
| 001 | ABS67236 | ||
| 008 | 031127n2003 000 0 eng u | ||
| 035 | _a(Sirsi) u124497 | ||
| 245 | _aSheds supplement | ||
| 260 | _c2003 | ||
| 490 |
_aProperty Week _v September 2003, (80) (LOAN) |
||
| 520 | _aFirst article profiles John Burbage, one of the leading shed agents. The second article reports on Central Railway's ambitious plan to build the first new railway in the UK for 50 years. A regional round-up covers Scotland, North, North-west, Midlands, South-west and South-east and also ranks the health of each local market on a "Property Week" 'shedometer'. Also discusses rising insurance premiums, particularly on sheds built using polystyrene-filled panels. The final article looks at the long-term drivers of big shed demand. | ||
| 590 | _aABS | ||
| 650 | _aSHEDS | ||
| 650 | _aINDUSTRIAL MARKET | ||
| 650 | _aNORTHERN ENGLAND | ||
| 650 | _aSCOTLAND | ||
| 650 | _aMIDLANDS | ||
| 650 | _aSOUTHWEST ENGLAND | ||
| 650 | _aSOUTHEAST ENGLAND | ||
| 650 | _aNORTHWEST ENGLAND | ||
| 650 | _aRAILWAYS | ||
| 650 | _aINSURANCE PREMIUMS | ||
| 650 | _aRAIL FREIGHT | ||
| 690 | _aPROPERTY-COMMERCIAL PROPERTY-COMMERCIAL PROPERTY MARKET | ||
| 942 | _n0 | ||
| 999 |
_c73877 _d73877 |
||